Phân bố và sinh thái một số loài cá sông quan trọng ở hạ lưu sông Mekong : Báo cáo chuyên đề = Distribution and ecology of some important riverine fish species of the Mekong river basin
Báo cáo bổ sung thông tin chi tiết về 40 loài cá quan trọng đối với nghề khai thác cá sông Mekong.
محفوظ في:
| التنسيق: | كتاب |
|---|---|
| اللغة: | Undetermined |
| منشور في: |
Thành phố Hồ Chí Minh
Nông nghiệp
2005
|
| الموضوعات: | |
| الوسوم: |
إضافة وسم
لا توجد وسوم, كن أول من يضع وسما على هذه التسجيلة!
|
| Thư viện lưu trữ: | Trung tâm Học liệu Trường Đại học Cần Thơ |
|---|
| LEADER | 01072nam a2200229Ia 4500 | ||
|---|---|---|---|
| 001 | CTU_230181 | ||
| 008 | 210402s9999 xx 000 0 und d | ||
| 082 | |a 597 | ||
| 082 | |b Ph121 | ||
| 245 | 0 | |a Phân bố và sinh thái một số loài cá sông quan trọng ở hạ lưu sông Mekong : | |
| 245 | 0 | |b Báo cáo chuyên đề = Distribution and ecology of some important riverine fish species of the Mekong river basin | |
| 245 | 0 | |c A. F. Poulsen ... [et al.] | |
| 260 | |a Thành phố Hồ Chí Minh | ||
| 260 | |b Nông nghiệp | ||
| 260 | |c 2005 | ||
| 520 | |a Báo cáo bổ sung thông tin chi tiết về 40 loài cá quan trọng đối với nghề khai thác cá sông Mekong. | ||
| 526 | |a Nguồn lợi thủy sinh vật,Đa dạng và bảo tồn sinh vật biển,Quản lý các hệ sinh thái | ||
| 526 | |b TSQ602,TS907,MTQ618 | ||
| 650 | |a Cá,Fishes | ||
| 650 | |x Phân loại,Classification | ||
| 910 | |b nthai | ||
| 980 | |a Trung tâm Học liệu Trường Đại học Cần Thơ | ||